000 00491cam a2200193ua 4500
001 2429
008 110816n ii |||gr||||Z||||||asm
020 _a81-7643-045-5
040 _cMAIN
082 _a398.09145
100 _aSharma, nabin Chandra,
245 1 _aAsamiya loka sanskritir abhas
_cby Nabin Chandra Sharma
250 _a3rd.
260 _aGuahati:
_bBani Prakash pvt ltd.,
_c2005.
300 _a429p:
_c23cm.
653 _aFolklore
653 _aAssamese culture
942 _cBK
999 _c2286
_d2286